|
|
|
|
| LEADER |
00000nab a2200000 a 4500 |
| 001 |
vtls000720637 |
| 003 |
SK-MaSNL |
| 005 |
20260305011005.0 |
| 008 |
040806c2000 xo 0 slo |
| 015 |
|
|
|a SNBRB2000/05-13304
|
| 035 |
|
|
|a CLN000072804
|
| 040 |
|
|
|a SNKBUCL
|b slo
|c SNKBUCL
|e AACR2
|
| 041 |
0 |
|
|a slo
|
| 044 |
|
|
|a xo
|c SK
|
| 080 |
|
|
|a 329.3:28(437.6)KDH
|2 UDC-MRF-SK2
|
| 245 |
0 |
0 |
|a Čo prinieslo v uplynulých desiatich rokoch Kresťanskodemokratické hnutie Slovensku a našej spoločnosti?
|c Pripravil Emil Slovák
|
| 300 |
|
|
|b Fotogr.
|
| 610 |
2 |
7 |
|a Kresťanskodemokratické hnutie (politická strana)
|2 snkbucl
|9 34649
|
| 655 |
|
7 |
|a články z novín a časopisov
|2 snkbucl
|9 267496
|
| 700 |
1 |
|
|a Slovák, Emil
|4 com
|9 838980
|
| 700 |
1 |
|
|a Čarnogurský, Ján,
|d 1944-
|4 ain
|9 196516
|
| 700 |
1 |
|
|a Sabolová, Mária,
|d 1956-
|4 ain
|9 208314
|
| 700 |
1 |
|
|a Mikloško, Jozef,
|d 1939-
|4 ain
|9 105118
|
| 700 |
1 |
|
|a Selecký, Anton,
|d 1950-
|4 ain
|9 262279
|
| 773 |
0 |
|
|t Fakty
|g Roč. 7, č. 8 (2000), s. 11
|
| 850 |
|
|
|a Slovenská národná knižnica v Martine
|
| 852 |
|
|
|a SNK
|b KIS3GCP
|
| 999 |
|
|
|c 3249986
|d 3251916
|